Brick Lane a novel (Record no. 4326)

MARC details
000 -LEADER
fixed length control field 00470nam a22001697a 4500
003 - CONTROL NUMBER IDENTIFIER
control field OSt
005 - DATE AND TIME OF LATEST TRANSACTION
control field 20250829042609.0
008 - FIXED-LENGTH DATA ELEMENTS--GENERAL INFORMATION
fixed length control field 250829b |||||||| |||| 00| 0 eng d
040 ## - CATALOGING SOURCE
Original cataloging agency DWCL-Admin lib
Transcribing agency OC
082 ## - DEWEY DECIMAL CLASSIFICATION NUMBER
Classification number Circ. 823.92 A398 2003
100 ## - MAIN ENTRY--PERSONAL NAME
Personal name Ali, Monica
245 ## - TITLE STATEMENT
Title Brick Lane a novel
Statement of responsibility, etc. Monica Ali
260 ## - PUBLICATION, DISTRIBUTION, ETC.
Place of publication, distribution, etc. N.Y :
Name of publisher, distributor, etc. Scribner ,
Date of publication, distribution, etc. c2003.
300 ## - PHYSICAL DESCRIPTION
Extent 541 pages :
Other physical details illustrations ;
Dimensions 17cm.
650 ## - SUBJECT ADDED ENTRY--TOPICAL TERM
Topical term or geographic name entry element 1. England--London
942 ## - ADDED ENTRY ELEMENTS (KOHA)
Source of classification or shelving scheme Dewey Decimal Classification
Koha item type Book Circulation
Call number prefix Circ.
Suppress in OPAC No
952 ## - LOCATION AND ITEM INFORMATION (KOHA)
--
Holdings
Withdrawn status Lost status Source of classification or shelving scheme Damaged status Not for loan Home library Current library Shelving location Date acquired Source of acquisition Total Checkouts Full call number Barcode Date last seen Copy number Price effective from Koha item type Uniform Resource Identifier
    Dewey Decimal Classification     College Library College Library Circulation 08/29/2025 School Fund   Circ. 823.92 A398 2003 40979 08/29/2025 c1 08/29/2025 BK-CIRC